Paises Hispanoamericanos con mas acceso a Internet - Estadísticas

Estadísticas generales
  • Esta prueba ha sido intentada 32 veces
  • La puntuación promedio es 8 de 8
Estadísticas de respuestas
Porcentaje de la poblacion que usa internet País % Correcto
87.20% de la poblacion usa internet(Es un pais de Sudamerica que tiene buen numero de IDH, siendo un pais desarrollado que a pesar de los problemas economicos y la inflacion que atravesia el pais, aun asi el 87.20 de la poblacion tiene acceso a internet) Argentina
100%
90.20% de la poblacion usa internet(Es el pais Latino donde su poblacion tiene mas acceso a internet, unos de los factores es que es el pais mas desarrollado de America Latina y unos de los paises con menos pobreza. Teniendo estabiliad politica y economica) Chile
97%
81.30% de la poblacion usa internet(Es un pais de Sudamerica que la gran parte de la poblacion tiene acceso a internet donde de 17.8 millones de habitantes solo el 14.45 millones tiene acceso a internet) Ecuador
97%
80.80% de la poblacion usa internet(Es un pais ubicado en America del Norte, cuenta con mucha poblacion, por lo cual es un desafio que todo los habitantes de un país tengan acceso a internet, pero a pesar de eso el 80% de la poblacion tenga acceso a internet.) México
97%
81.40% de la poblacion usa internet(Es un pais de Sudamerica que no tiene acceso a mar, donde su gente la mayoria tiene acceso a internet) Paraguay
97%
89.60 de la poblacion usa internet(Es el pais mas desarrollado de Centroamerica siendo unos de los factores por lo cual gran parte de su poblacion usa internet) Costa Rica
94%
90.10% de la poblacion usa internet(Es el segundo pais latino donde sus habitantes tienen acceso a internet y es por varios factores donde es un pais relativamente pequeño y con un poblacion menor a 4 millones de habitantes, a la vez que tambien es un pais que tiene un buen desarrollo) Uruguay
94%
85.20% de la poblacion usa internet(Es un pais del Caribe, es un pais que tiene estabilidad politica, social y economica donde es unos de los paises con un buen crecimiento, donde su poblacion gran parte de ellos tienen acceso a internet.) Republica Dominicana
90%
No se encontraron pruebas coincidentes
Distribución de puntuación
Porcentaje de gente con cada puntuación
Porcentaje por número respondido
Historial de tus puntuaciones
No has intentado esta prueba.